Statistiques concernant Personne enterré dans le Panthéon

Cliquez ici pour prendre le quiz!

Statistiques générales

  • Ce quiz a été pris 72 fois
  • Le résultat moyen est 11 sur 80

Statistiques - réponses

Année d'entréePersonnalitéQualité% Correct
1995Marie CuriePhysicienne
82%
1885Victor HugoEcrivain
78%
2021Joséphine BakerChanteuse / Danseuse / Résistante
75%
1995Pierre CuriePhysicien
73%
1964Jean MoulinRésistant
71%
1908Emile ZolaEcrivain
67%
2018Simone VeilFemme Politique
55%
1791VoltaireEcrivain / Philosophe
53%
1794Jean Jacques RousseauEcrivain / Philosophe
47%
1813Jean RousseauHomme Politique
47%
2018Antoine VeilHomme Politique
45%
1924Jean JaurèsHomme Politique
33%
1894Marie François Sadi CarnotHomme Politique
29%
2002Alexandre DumasEcrivain
27%
1889Lazare Nicolas Marguerite CarnotHomme Politique / Scientifique
27%
1920Léon GambettaHomme Politique
27%
1996André MalrauxEcrivain
24%
1988Jean MonnetEconomiste
24%
1952Louis BrailleScientifique
20%
1989Nicolas Caritat Marquis de CondorcetHomme Politique
20%
2015Jean ZayHomme Politique
18%
2015Pierre BrossoletteRésistant
18%
1811Louis Antoine de BougainvilleNavigateur
15%
2015Germaine TillionRésistante
13%
1810Jean LannesMilitaire
13%
1989Gaspard MongeMathématicien
11%
2015Geneviève de Gaulle AnthoniozRésistante
11%
1907Marcellin BerthelotScientifique
11%
1987René CassinRésistant
11%
1907Sophie BerthelotScientifique
11%
1989Henri GrégoireReligieux
9%
2020Maurice GenevoixEcrivain
7%
1933Paul PainlevéMathématicien / Homme Politique
7%
1949Félix EbouéHomme Politique
5%
1949Victor SchoelcherHomme Politique
5%
1808Antoine César de Choiseul PraslinGénéral / Sénateur
4%
1808François Barthélemy BeguinotMilitaire
4%
1808Gabriel Louis de CaulaincourtMilitaire
4%
1810Giovanni Battista CapraraReligieux
4%
1889Jean Baptiste BaudinHomme Politique / Médecin
4%
1807Jean Baptiste Pierre BevièreHomme Politique
4%
1807Jean Etienne Marie PortalisHomme Politique
4%
1948Paul LangevinPhysicien
4%
1808Pierre Jean Georges CabanisMédecin / Poète / Philosophe
4%
1815Claude Juste Alexandre LegrandGénéral
2%
1811Ippolito Antorio Vincenti MareriÉvêque
2%
1829Jacques Germain SoufflotArchitecte
2%
1813Joseph Louis LagrangeMathématicien
2%
1809Joseph Marie VienPeintre
2%
1811Alexandre Antoine Hureau de SénarmontArtilleur des armées / Baron d'Empire
0%
1815Antoine Jean Marie ThévenardMilitaire
0%
1811Charles Erskine de KellieReligieux
0%
1810Charles Pierre Claret de FleurieuHomme Politique
0%
1814Claude Ambroise RégnierJuge
0%
1806Claude Louis PetietGrand Organisateur de Troupe
0%
1809Emmanuel CrétetHomme Politique
0%
1806François Denis TronchetHomme Politique / Juriste
0%
1889François Séverin MarceauMilitaire
0%
1813Frédéric Henri WaltherGénéral
0%
1809Girolamo Luigi DurazzoHomme Politique
0%
1813Hyacinthe Hughes Timoléon de Cossé BrissacMilitaire
0%
1809Jean Baptiste PapinHomme Politique / Juriste
0%
1810Jean Baptiste TreilhardAvocat
0%
1808Jean Frédéric PerregauxFinancier
0%
1812Jean Guillaume de WinterAmiral batave / Comte d'Empire
0%
1813Jean Ignace JacqueminotAvocat / Compte d'Empire
0%
1814Jean Louis Ebénézer ReynierHomme Politique
0%
1814Jean Marie Pierre DorsenneGénéral
0%
1814Jean Nicolas DémeunierHomme Politique
0%
1948Jean PerrinPhysicien
0%
1808Jean Pierre Firmin MalherMilitaire
0%
1809Jean Pierre SersHomme Politique
0%
1809Justin Bonaventure Morard de GallesMilitaire
0%
1813Justin de ViryHomme Politique
0%
1810Louis Charles Vincent Le Blond de Saint HilaireMilitaire
0%
1807Louis Pierre Pantaléon ResnierHomme Politique
0%
1811Michel OrdenerGénéral de Division / Sénateur / Comte d'Empire
0%
1811Nicolas Marie Songis des CourbonsGénéral
0%
1809Pierre Garnier de LaboissièreGénéral de cavalerie / Sénateur / Comte d'Empire
0%
1889Théophile Malo de la Tour d'Auvergne CorretSoldat
0%

Distribution des résultats

Percentile par nombre de réponses

% des personnes avec chaque résultat

Votre développement - résultats

Vous n’avez pas pris ce quiz